000 00473nam a2200145 a 4500
008 120416s0000 ||||||||||||||||| || u
020 _a0140410228
050 _aHN 773.5 Llo
100 _aLloyd, Peter Cutt
245 1 0 _aAfrica in social change
260 _aLondon
_bPenguin
_c1972
300 _a374p.
350 _a0.00
995 _D0.00
_FCBU-MAIN LIBRARY (Kitwe)
_H1
_I1.00
_M1
_UDAMAGED
_ZMain Library Open Access Collection
999 _c33690
_d33690